| 000 | 01114nmm a2200277 a 4500 | ||
|---|---|---|---|
| 008 | 210621s2020 ua ||||fqsmd||00| 0 eng d | ||
| 040 |
_aEAL _cEAL |
||
| 041 |
_aeng _bara |
||
| 090 | _aCD-6285 | ||
| 100 | 1 | _aEl-Habashy, Hesham Abdel-Fattah Abdel-Mageed. | |
| 245 | 1 | 0 |
_aInductionof the growth and increase the productivity of Potato caused by soil salinity stress _h[electronic resource] / _cHesham Abdel-Fattah Abdel-Mageed El-Habashy |
| 246 | 1 | 5 | _aحث النمو و زيادة الإنتاجية فى نبات البطاطس تحت ظروف اجهادات الملوحة |
| 260 | _a2020. | ||
| 347 |
_a text file _b PDF |
||
| 502 | _aThesis (Ph.D.) -- Damietta University, 2020. | ||
| 504 | _aIncludes bibliographical references (Leaves 92-125) | ||
| 538 | _aSystems requirements : Adobe Reader | ||
| 546 | _aSummary in Arabic | ||
| 650 | 0 |
_aPotatoes _xSalinity Stress |
|
| 650 | 0 | _aSoils, Salts in. | |
| 650 | 0 |
_aPotatoes _xQuality. |
|
| 650 | 0 |
_aPotatoes _xGrowth. |
|
| 856 | 4 | 0 |
_uhttp://nile.enal.sci.eg/thesis/6285.pdf _zContent & Abstract |
| 910 | _aname: Mohamed | ||
| 942 |
_2alc _cE-Thesis |
||
| 999 |
_c66820 _d66820 |
||